000 01633nam0a22003131 4500
001 rc\2335540
005 20260407100054.0
035 _a(NLR Aleph) 006677698
090 _a5050044
_c5050044
100 _a20110829d1977 u y0rusy50 ca
101 0 _arus
102 _aRU
105 _ay j |||||
200 1 _aРусская прогрессивная художественная критика второй половины XIX - начала XX века
_eХрестоматия
_f[Сост. Н.И. Беспалова, Л.Ф. Денисова, Н.Н. Козюра и др.]
_gПод ред. [и с предисл.] чл.-кор. Акад. художеств СССР В.В. Ванслова
_gАкад. художеств СССР, Науч.-исслед. ин-т теории и истории изобраз. искусств
210 _aМосква
_cИзобраз. искусство
_d1977
215 _a863 с.
_d22
606 _aРусская художественная критика
_jХрестоматии
_z19-20 вв.
_2rkp
702 1 _aВанслов
_bВ.В.
_gВиктор Владимирович
_4340
702 1 _aКозюра
_bН.Н.
_4220
702 1 _aДенисова
_bЛ.Ф.
_4220
702 1 _aБеспалова
_bН.И.
_gНаталья Ивановна
_4220
712 0 2 _aНИИ теории и истории изобразительных искусств
_cМосква
_3RU\NLR\AUTH\889925976
_9347758
801 0 _aRU
_bNLR
_gpsbo
801 1 _aRU
_bELAR
_2rusmarc
852 _aNLR
_j77-5/8125
899 _aRuMoRGB
_jБ 77-11/820
899 _aRuMoRGB
_jБ 77-11/821
942 _cBOOK
980 _aNB